Quizzes
Events
Quiz Creation
Community
Videos
Private Events
Remove Ads
Sign In
Join for FREE
Feedback
Dark Mode
Quiz Categories
Sports
Geography
Music
Movies
Television
Just For Fun
Miscellaneous
History
Literature
Language
Science
Gaming
Entertainment
Religion
Holiday
For Kids
Quiz Lab
Recent
Popular Today
Quiz Kudos Today
Editor Picks
Curator Picks
Quizzes by...
Day
Popularity
Type
Ratings
Length
Year
Community
Subscriptions
Recent Discussions
Orange Saloon
Badges
Playlists
Quests
Create
Leaderboards
Showdown
Live 5
Trivia Bingo
Activity
Puzzle Library
Sporcle Events
Private Events
Virtual Trivia
Globe League
Become a Host
Pub Owners
SporcleCon
Opinionation
Our Games
Videos
Blog
Mobile Apps
Partnerships
Remove Ads and Go Orange
Feedback
Television
TV Characters
TV Show
Sitcom
Network
Friends
Reality Shows
Cast
South Park
Star Trek
The Simpsons
Doctor Who
Television
TV Characters
TV Show
Sitcom
Network
Friends
Reality Shows
Cast
South Park
Star Trek
The Simpsons
Doctor Who
Random Quiz
Search Sporcle
×
Quiz Lab
Quiz Lab
Television
Type in answers that appear in a list
Type in answers that appear in a list
Classic
Best Score? Go Orange.
Series by Finale Name Stats
Can you name the TV shows by the name of their final ever episodes?
By
DSNorth
8m
24 Questions
272 Plays
272 Plays
272 Plays
Comments
Comments
Give Quiz Kudos
Give Quiz Kudos
-
- Ratings
hide this ad
Forced Order
Answers have to be entered in order
Answers have to be entered in order
Random Order
Randomize order of answers
Randomize order of answers
Replay
Link that replays current quiz
Next Quiz
Link to next quiz in quiz playlist
You Got
0%
They Got
Avg Score
24%
Avg Friend Score
Upgrade to see
Score Distribution
Jump to the score distribution portion of the page
Score
0/24
Timer
08:00
0
Plays Today
Finale Title
Show
% Correct
'Day 8: 3.00pm -
4.00pm'
24
82.4%
'Goodnight, Seattle (part 2)'
Frasier
74.3%
'The Last One'
Friends
66.5%
'The End'
Lost
51.5%
'Goodbye, Farewell and Amen'
M*A*S*H
49.3%
'Chosen'
Buffy the Vampire Slayer
33.8%
'One for the Road'
Cheers
32.7%
'Made in America'
The Sopranos
30.1%
'The Truth'
The X-Files
28.7%
'-
30-
'
The Wire
16.9%
'And in the End...'
ER
16.5%
'Our Thanks'
Scrubs
16.2%
Finale Title
Show
% Correct
'All Good Things...'
Star Trek: The Next Generation
15.4%
'Tomorrow'
The West Wing
14.3%
'Into That Good Night'
Roseanne
9.2%
'Goodbyeee'
Blackadder Goes Forth
8.5%
'The End's Not Near, It's Here'
The OC
7.4%
'Beyond Life and Death'
Twin Peaks
6.3%
'Mirror Image'
Quantum Leap
5.5%
'The Thing That Wouldn't Die'
3rd Rock from the Sun
4.8%
'Conundrum'
Dallas
4.8%
'Fall Out'
The Prisoner
4.4%
'De Patre Vostro'
Rome
4%
'Killing Your Number'
Prison Break
4%
Quiz Playlist
Details
Report
Send in Message
Add To Playlist
Classic:
Type in answers that appear in a list
Forced Order:
Answers have to be entered in order
Random Order:
Randomize order of answers
Quiz Source
Last Updated: Feb 16, 2017
Quiz Scoreboard
CHALLENGE
Sign Up to Join the Scoreboard
Show All
Scores
Hide
Comments
May contain spoilers
Recently Published
NBA Finals Game Top Scorers (2010s)
by flibbidy
Sports
5m
Guess the 'R' Things in 3 Words
by MSUKent
Miscellaneous
3m
Actor to Badly Drawn Movie III
by MoMosMoProblems
Movies
5m
More to Explore
Quiz From the Vault
Featured Blog Post
Where Does Lost Luggage Go?
hide this ad
You Might Also Like...
Tags
This quiz does not have any tags.
Today's Top Quizzes in Television
Browse Television
hide this ad
Top Contributed Quizzes in Television
1
Hidden Simpsons Character
2
First Name TV: Leading Men
3
Hidden Simpsons Character II
4
Hidden Simpsons Character III
5
First Name TV: Leading Women Drama
6
Hidden Simpsons Character IV
7
Hidden Simpsons Character V
8
Hidden Simpsons Character VI
9
Hidden Simpsons Character VII
10
Hidden Simpsons Character VIII
Explore More
Trending Topics
Disney
Crossword
Anime
Kpop
Harry Potter
NBA
Marvel
Pokémon
Soccer
The Office
Song
Puzzle
WWE
NFL
Country
hide this ad
More By:
DSNorth
Quiz
Plays
Rating
Category
Featured
Created
Oscar Winner Connections
142,886
4.48
Movies
Mar 5, 2010
London: A General Knowledge Quiz
113,419
4.12
Geography
Feb 26, 2010
Named WWE Tag Team Champions
5,622
4.14
Sports
Sep 9, 2010
Complete the Card: Royal Rumble 2000
4,916
4.82
Entertainment
Mar 30, 2010
Pro Wrestler Haikus
4,847
4.00
Sports
Aug 23, 2010
Go to Creator's Profile
Score Distribution
Quiz Creator Spotlight
DSNorth
Follow
Send a Message
Quizzes Created
-
Created Quiz Play Count
-
More By This Creator
Popular Quizzes Today
1
Find the US States - No Outlines Minefield
2
Find the US States
3
The Countries of the World
4
10 Largest US States in Order
5
Find the Countries of Europe - No Outlines Minefield
6
US States
7
Guess the 'R' Things in 3 Words
8
NBA Finals Game Top Scorers (2010s)
More Television Quizzes
The Walking Dead Quiz
Quiz Lab
Trending Quizzes
First Name TV: Leading Men
Match the Book to the Film II
First Name TV: Leading Women Drama
3-Word Movies in 1 Word II
Match the Book to the Film VI
Recently Updated
Women's Final Four Teams by Year
bhenderson79
Presidents Quartet II
eogle
Anything But Clue(do)
eogle
Anything But Oceanian Capitals
eogle
Anything But 7
eogle
Anything But Thing
eogle
Word Ladder: February 29
pecheneg
Song Title Questions
pecheneg
Women's NCAA Tournament #1 Seeds
pecheneg
Celebrity Mug Shots
pecheneg
Trending Topics
Harry Potter
Marvel
Anime
Disney
Kpop
NBA
Crossword
The Office
NFL
Song
Puzzle
Country
Pokémon
WWE
Soccer
Your Account Isn't Verified!
In order to create a playlist on Sporcle, you need to verify the email address you used during registration. Go to your
Sporcle Settings
to finish the process.
Report this User
Report this user for behavior that violates our
Community Guidelines
.
Details:
Send Report
Go to the Sporcle.com Mobile Site →
Comments